00605nmm a2200169Ia 4500008004100000020001800041041000800059100002600067245008800093264009100181300001800272490005600290650001400346856005100360942000700411999001700418251105s9999||||xx |||||||||||||||||und|| a9788499800967 aeng aHouse, Susan (coord.) 0aInglés : investigación, innovación y buenas prácticas : Teacher development a[Madrid, España] :bMinisterio de Educación, Cultura y Deporte de España, c2011 a162 páginas aFormación del profesorado. Educación secundaria aEducation uhttps://public.digitaliapublishing.com/a/30192 cCF c93245d93245